000 01902cam a2200409 a 4500
001 1980360
003 OSt
005 20260622074357.0
008 890724s1990 enka b 001 0 eng c
010 _a 89016329
020 _a0080325300 (set) :
_c$1995.00 (est.)
020 _a9780080325309
035 _a1980360
040 _aDNLM/DLC
_beng
_cDLC
_dDLC
050 0 0 _aRS402
_b.C65 1990
060 _aQV 744 C737
082 0 0 _a615/.19
_220
245 0 0 _aComprehensive medicinal chemistry :
_bthe rational design, mechanistic study & therapeutic application of chemical compounds /
_cchairman of the editorial board, Corwin Hansch ; joint executive editors, Peter G. Sammes, John B. Taylor.
250 _a1st ed.
260 _aOxford ;
_aNew York :
_bPergamon Press,
_c1990.
300 _a6 v. :
_bill. ;
_c28 cm.
336 _atext
_btxt
_2rdacontent
337 _aunmediated
_bn
_2rdamedia
338 _avolume
_bnc
_2rdacarrier
500 _aStereopticon 707 inserted in pocket of v. 4.
504 _aIncludes bibliographical references and indexes.
505 0 _av. 1. General principles / volume editor, Peter D. Kennewell -- v. 2. Enzymes & other molecular targets / volume editor, Peter G. Sammes -- v. 3 Membranes & receptors / volume editor, John C. Emmett -- v. 4. Quantitative drug design / volume editor, Christopher A. Ramsden -- v. 5. Biopharmaceutics / volume editor, John B. Taylor -- v. 6. Cumulative subject index & drug compendium / volume editor, Colin J. Drayton.
650 0 _aPharmaceutical chemistry.
700 1 _aHansch, Corwin.
700 1 _aSammes, P. G.
_q(Peter George)
700 1 _aTaylor, J. B.
_q(John Bodenhan),
_d1939-
906 _a7
_bcbc
_corignew
_d1
_eocip
_f19
_gy-gencatlg
942 _2lcc
_cBK
987 _bRBSCDRECON
_c20190108
_dr
_fSPEC MAT.
999 _c266384
_d266383